<?xml version="1.0" encoding="UTF-8"?>
<record
    xmlns:xsi="http://www.w3.org/2001/XMLSchema-instance"
    xsi:schemaLocation="http://www.loc.gov/MARC21/slim http://www.loc.gov/standards/marcxml/schema/MARC21slim.xsd"
    xmlns="http://www.loc.gov/MARC21/slim">

  <leader>02782nam a2200337 i 4500</leader>
  <controlfield tag="001">000017638</controlfield>
  <controlfield tag="003">DO-SdBNP</controlfield>
  <controlfield tag="005">20260401081646.0</controlfield>
  <controlfield tag="007">ta</controlfield>
  <controlfield tag="008">100329s1978    dr            000 0 spa d</controlfield>
  <datafield tag="040" ind1=" " ind2=" ">
    <subfield code="a">DO-SdBNP</subfield>
    <subfield code="b">spa</subfield>
    <subfield code="c">BNPHU</subfield>
    <subfield code="e">rda</subfield>
  </datafield>
  <datafield tag="041" ind1=" " ind2=" ">
    <subfield code="a">spa</subfield>
  </datafield>
  <datafield tag="082" ind1=" " ind2="4">
    <subfield code="a">RD864.44</subfield>
    <subfield code="b">G463a</subfield>
    <subfield code="2">22</subfield>
  </datafield>
  <datafield tag="100" ind1="1" ind2=" ">
    <subfield code="a">Gil, Orlando,</subfield>
    <subfield code="d">1949-</subfield>
    <subfield code="e">autor</subfield>
    <subfield code="4">aut.</subfield>
    <subfield code="9">24925</subfield>
  </datafield>
  <datafield tag="245" ind1="1" ind2="0">
    <subfield code="a">Antolog&#xED;a de una pasi&#xF3;n /</subfield>
    <subfield code="c">Orlando Gil.</subfield>
  </datafield>
  <datafield tag="250" ind1=" " ind2=" ">
    <subfield code="a">primera edici&#xF3;n</subfield>
  </datafield>
  <datafield tag="264" ind1=" " ind2="1">
    <subfield code="a">Santo Domingo :</subfield>
    <subfield code="b">Lozano,</subfield>
    <subfield code="c">1978.</subfield>
  </datafield>
  <datafield tag="300" ind1=" " ind2=" ">
    <subfield code="a">275 p&#xE1;ginas ;</subfield>
    <subfield code="c">21 cm.</subfield>
  </datafield>
  <datafield tag="336" ind1=" " ind2=" ">
    <subfield code="a">texto</subfield>
    <subfield code="b">txt</subfield>
    <subfield code="2">rdacontent</subfield>
  </datafield>
  <datafield tag="337" ind1=" " ind2=" ">
    <subfield code="a">sin mediaci&#xF3;n</subfield>
    <subfield code="b">n</subfield>
    <subfield code="2">rdamedia</subfield>
  </datafield>
  <datafield tag="338" ind1=" " ind2=" ">
    <subfield code="a">volumen</subfield>
    <subfield code="b">nc</subfield>
    <subfield code="2">rdacarrier</subfield>
  </datafield>
  <datafield tag="500" ind1=" " ind2=" ">
    <subfield code="a">Incluye datos biogr&#xE1;ficos del autor.</subfield>
  </datafield>
  <datafield tag="500" ind1=" " ind2=" ">
    <subfield code="a">Incluye referencias bibliogr&#xE1;ficas y notas al pie de las p&#xE1;ginas.</subfield>
  </datafield>
  <datafield tag="505" ind1="2" ind2=" ">
    <subfield code="a">Dedicatoria -- </subfield>
    <subfield code="t">Ep&#xED;grafes -- </subfield>
    <subfield code="t">Antolog&#xED;a de una pasi&#xF3;n --</subfield>
    <subfield code="t"> Ensayos -- </subfield>
    <subfield code="t">Desde el coraz&#xF3;n de Neruda -- </subfield>
    <subfield code="t">Literatura : &#xBF; Creaci&#xF3;n o revelaci&#xF3;n? -- </subfield>
    <subfield code="t">"Un habla dulce, la m&#xE1;s dulce del mundo" -- </subfield>
    <subfield code="t">La responsabilidad del escritor -- </subfield>
    <subfield code="t">Anotaciones al margen de un documento -- </subfield>
    <subfield code="t">Ernest Hemingway o la exaltaci&#xF3;n del hombre com&#xFA;n -- </subfield>
    <subfield code="t">La permanencia de los valores literarios -- </subfield>
    <subfield code="t">La patria como verso y preocupaci&#xF3;n --</subfield>
    <subfield code="t"> La lengua como instrumento personal del escritor -- </subfield>
    <subfield code="t">El amor como aliento de lo extraordinario -- </subfield>
    <subfield code="t">Andr&#xE9;s Requena o los enemigos de la tierra -- </subfield>
    <subfield code="t">Fabio Fiallo, poeta de excepci&#xF3;n -- </subfield>
    <subfield code="t">Se necesita el libro -- </subfield>
    <subfield code="t">El pa&#xED;s y la novel&#xED;stica alemana contempor&#xE1;nea -- </subfield>
    <subfield code="t">Notas personales --</subfield>
    <subfield code="t"> Recapitulando en el tiempo -- </subfield>
    <subfield code="t">Don Pedro Mir -- </subfield>
    <subfield code="t">Lo que nos pide el poeta desde la tumba -- </subfield>
    <subfield code="t">Pedro Henr&#xED;quez Ure&#xF1;a: acreedor al m&#xE1;ximo reconocimiento de este pueblo --</subfield>
    <subfield code="t"> Los poetas de la patria -- </subfield>
    <subfield code="t">Un apoyo injustificable y sin raz&#xF3;n -- </subfield>
    <subfield code="t">El para&#xED;so no ha sido destruido -- </subfield>
    <subfield code="t">Diario de lecturas -- </subfield>
    <subfield code="t">La qu&#xE9;mate ocurrencia del doctor Zaglul -- </subfield>
    <subfield code="t">El masacre de la novela dominicana -- </subfield>
    <subfield code="t">Un microscopio de lo cotidiano --</subfield>
    <subfield code="t"> Los ni&#xF1;os y el fascinante mundo de nuestros ind&#xED;genas -- </subfield>
    <subfield code="t">"La guaracha del macho Camacho -- </subfield>
    <subfield code="t">Segunda campa&#xF1;a de Santo Domingo -- </subfield>
    <subfield code="t">Juan, Salvador de las gaviotas --</subfield>
    <subfield code="t"> Las segundas intenciones literarias -- </subfield>
    <subfield code="t">S&#xE1;bado de sol despu&#xE9;s de las lluvias -- </subfield>
    <subfield code="t">Dos libros y una misma realidad -- </subfield>
    <subfield code="t">Todos los parques no son un para&#xED;so -- </subfield>
    <subfield code="t">Oficio de post-muerte -- </subfield>
    <subfield code="t">La solter&#xED;a en la historia dominicana --</subfield>
    <subfield code="t"> El desprop&#xF3;sito de unos cuentos --</subfield>
    <subfield code="t"> La t&#xED;a Julia y el escribidor -- </subfield>
    <subfield code="t">Reconocimiento de los recursos naturales de la Rep&#xFA;blica Dominicana.//</subfield>
  </datafield>
  <datafield tag="590" ind1=" " ind2=" ">
    <subfield code="a">Inventariado, 2021 / DG</subfield>
  </datafield>
  <datafield tag="650" ind1=" " ind2="4">
    <subfield code="a">Ensayos dominicanos</subfield>
    <subfield code="9">65</subfield>
  </datafield>
  <datafield tag="650" ind1=" " ind2="4">
    <subfield code="a">Literatura dominicana.</subfield>
    <subfield code="9">67</subfield>
  </datafield>
  <datafield tag="650" ind1=" " ind2="4">
    <subfield code="a">Autores latinoamericanos</subfield>
    <subfield code="x">Cr&#xED;tica e interpretaci&#xF3;n</subfield>
    <subfield code="9">22865</subfield>
  </datafield>
  <datafield tag="910" ind1=" " ind2=" ">
    <subfield code="a">Validado. Control de calidad EMS</subfield>
  </datafield>
  <datafield tag="942" ind1=" " ind2=" ">
    <subfield code="2">ddc</subfield>
    <subfield code="c">LBS1</subfield>
  </datafield>
  <datafield tag="952" ind1=" " ind2=" ">
    <subfield code="0">0</subfield>
    <subfield code="1">0</subfield>
    <subfield code="2">ddc</subfield>
    <subfield code="5">1</subfield>
    <subfield code="7">0</subfield>
    <subfield code="8">PD</subfield>
    <subfield code="a">BNPHU</subfield>
    <subfield code="b">BNPHU</subfield>
    <subfield code="c">HD</subfield>
    <subfield code="d">2010-03-29</subfield>
    <subfield code="e">Donado por Manuel Ort&#xED;z</subfield>
    <subfield code="o">BNPHU PD RD864.44 G463a</subfield>
    <subfield code="p">17638-20</subfield>
    <subfield code="r">2020-06-25</subfield>
    <subfield code="t">e.2</subfield>
    <subfield code="w">2020-06-25</subfield>
    <subfield code="y">LBS1</subfield>
  </datafield>
  <datafield tag="952" ind1=" " ind2=" ">
    <subfield code="0">0</subfield>
    <subfield code="1">0</subfield>
    <subfield code="2">ddc</subfield>
    <subfield code="5">1</subfield>
    <subfield code="7">0</subfield>
    <subfield code="8">PD</subfield>
    <subfield code="a">BNPHU</subfield>
    <subfield code="b">BNPHU</subfield>
    <subfield code="c">HD</subfield>
    <subfield code="d">2010-03-29</subfield>
    <subfield code="e">Dep&#xF3;sito Legal</subfield>
    <subfield code="o">BNPHU PD RD864.44 G463a</subfield>
    <subfield code="p">17638-10</subfield>
    <subfield code="r">2020-06-25</subfield>
    <subfield code="w">2020-06-25</subfield>
    <subfield code="y">LBS1</subfield>
  </datafield>
  <datafield tag="952" ind1=" " ind2=" ">
    <subfield code="0">0</subfield>
    <subfield code="1">0</subfield>
    <subfield code="2">ddc</subfield>
    <subfield code="5">6</subfield>
    <subfield code="7">0</subfield>
    <subfield code="8">DS</subfield>
    <subfield code="a">BNPHU</subfield>
    <subfield code="b">BNPHU</subfield>
    <subfield code="c">HD</subfield>
    <subfield code="d">2014-03-29</subfield>
    <subfield code="e">Donaci&#xF3;n</subfield>
    <subfield code="o">BNPHU DS RD864.44 G463a</subfield>
    <subfield code="p">2020-0183</subfield>
    <subfield code="r">2020-10-20</subfield>
    <subfield code="t">e.3</subfield>
    <subfield code="w">2020-06-25</subfield>
    <subfield code="y">LBS1</subfield>
  </datafield>
  <datafield tag="952" ind1=" " ind2=" ">
    <subfield code="0">0</subfield>
    <subfield code="1">0</subfield>
    <subfield code="2">ddc</subfield>
    <subfield code="5">6</subfield>
    <subfield code="7">0</subfield>
    <subfield code="8">DS</subfield>
    <subfield code="a">BNPHU</subfield>
    <subfield code="b">BNPHU</subfield>
    <subfield code="c">HD</subfield>
    <subfield code="d">2022-04-27</subfield>
    <subfield code="e">Donaci&#xF3;n</subfield>
    <subfield code="o">BNPHU DS RD864.44 G463a</subfield>
    <subfield code="p">2022-1601</subfield>
    <subfield code="r">2022-04-27</subfield>
    <subfield code="t">e.4</subfield>
    <subfield code="w">2022-04-27</subfield>
    <subfield code="y">LBS1</subfield>
    <subfield code="z">Perteneci&#xF3; a la biblioteca personal de B&#xE1;rbara Suncar.</subfield>
  </datafield>
  <datafield tag="952" ind1=" " ind2=" ">
    <subfield code="0">0</subfield>
    <subfield code="1">0</subfield>
    <subfield code="2">ddc</subfield>
    <subfield code="5">6</subfield>
    <subfield code="7">0</subfield>
    <subfield code="8">DS</subfield>
    <subfield code="a">BNPHU</subfield>
    <subfield code="b">BNPHU</subfield>
    <subfield code="c">HD</subfield>
    <subfield code="d">2023-10-09</subfield>
    <subfield code="e">Donado por Federico Henr&#xED;quez Gratereaux</subfield>
    <subfield code="l">0</subfield>
    <subfield code="o">BNPHU DS RD864.44 G463a</subfield>
    <subfield code="p">2023-6787</subfield>
    <subfield code="r">2023-10-09</subfield>
    <subfield code="t">e.5</subfield>
    <subfield code="w">2023-10-09</subfield>
    <subfield code="y">LBS1</subfield>
    <subfield code="z">Dedicado.</subfield>
  </datafield>
  <datafield tag="999" ind1=" " ind2=" ">
    <subfield code="c">17163</subfield>
    <subfield code="d">17163</subfield>
  </datafield>
</record>
